Andes imaginarios : (Record no. 439)

MARC details
000 -LEADER
campo de control de longitud fija 01353mam a2200337 a 4500
001 - NÚMERO DE CONTROL
campo de control 2128837
005 - FECHA Y HORA DE LA ÚLTIMA TRANSACCIÓN
campo de control 20220326193311.0
008 - DATOS DE LONGITUD FIJA--INFORMACIÓN GENERAL
campo de control de longitud fija 980217s1997 pe b 000 0 spa d
020 ## - NÚMERO INTERNACIONAL ESTÁNDAR DEL LIBRO
Número Internacional Estándar del Libro 8483870568 (pbk.)
035 ## - NÚMERO DE CONTROL DEL SISTEMA
Número de control de sistema (OCoLC)ocm38452917
040 ## - FUENTE DE CATALOGACIÓN
Centro catalogador/agencia de origen GZM
Centro/agencia transcriptor GZM
Centro/agencia modificador NYP
-- OCL
-- NNC
043 ## - CÓDIGO DE ÁREA GEOGRÁFICA
Código de área geográfica s-pe---
-- cl-----
082 ## - NÚMERO DE LA CLASIFICACIÓN DECIMAL DEWEY
Número de clasificación 305.898.08
Número de ítem L372d
090 ## - LOCALMENTE ASIGNADO TIPO-LC NÚMERO DE CLASIFICACIÓN (OCLC); NÚMERO DE CLASIFICACIÓN LOCAL (RLIN)
Número de clasificación (OCLC) (R) ; Numero de clasificación, CALL (RLIN) (NR) F3429.3.S59
Número cutter local (OCLC) ; Número de libro/Signatura topográfica íntegra, CALL (RLIN) .L37 1997
100 1# - ENTRADA PRINCIPAL--NOMBRE DE PERSONA
Nombre de persona Lauer, Mirko.
9 (RLIN) 2115
245 10 - MENCIÓN DEL TÍTULO
Título Andes imaginarios :
Resto del título discursos del indigenismo 2 /
Mención de responsabilidad, etc. Mirko Lauer.
246 30 - FORMA VARIANTE DEL TITULO
Título propio/Titulo breve Discursos del indigenismo 2
246 3# - FORMA VARIANTE DEL TITULO
Título propio/Titulo breve Discursos del indigenismo dos
260 ## - PUBLICACIÓN, DISTRIBUCIÓN, ETC.
Lugar de publicación, distribución, etc. Cusco :
Nombre del editor, distribuidor, etc. CBC ;
Lugar de publicación, distribución, etc. Lima :
Nombre del editor, distribuidor, etc. Sur Casa de Estudios del Socialismo,
Fecha de publicación, distribución, etc. 1997.
300 ## - DESCRIPCIÓN FÍSICA
Extensión 125 p. ;
Dimensiones 21 cm.
490 1# - MENCIÓN DE SERIE
Mención de serie Temas de actualidad,
Número Internacional Normalizado para Publicaciones Seriadas 1022-0968 ;
Designación de volumen o secuencia 4
504 ## - NOTA DE BIBLIOGRAFÍA, ETC.
Nota de bibliografía, etc. Includes bibliographical references (p. 111-125).
505 ## - NOTA DE CONTENIDO CON FORMATO
Título Raices del discurso indigenista 2
-- La recepcion del indigenismo 2
-- Apariciones desde el paisaje
-- La alucinación Incaica
-- Comentarios Finales
-- Bibliografia
650 #0 - PUNTO DE ACCESO ADICIONAL DE MATERIA--TÉRMINO DE MATERIA
Término de materia o nombre geográfico como elemento de entrada Indians of South America
Subdivisión geográfica Peru
Subdivisión general Social conditions.
9 (RLIN) 2116
650 #0 - PUNTO DE ACCESO ADICIONAL DE MATERIA--TÉRMINO DE MATERIA
Término de materia o nombre geográfico como elemento de entrada Indians of South America
Subdivisión geográfica Peru
Subdivisión general Ethnic identity.
9 (RLIN) 2117
650 #0 - PUNTO DE ACCESO ADICIONAL DE MATERIA--TÉRMINO DE MATERIA
Término de materia o nombre geográfico como elemento de entrada Indigenous peoples
Subdivisión geográfica Latin America.
9 (RLIN) 2118
650 #0 - PUNTO DE ACCESO ADICIONAL DE MATERIA--TÉRMINO DE MATERIA
Término de materia o nombre geográfico como elemento de entrada Social movements
Subdivisión geográfica Peru.
9 (RLIN) 2119
700 ## - ENTRADA AGREGADA--NOMBRE PERSONAL
Nombre de persona Lauer, Mirko.
9 (RLIN) 2120
830 #0 - PUNTO DE ACCESO ADICIONAL DE SERIE-TÍTULO UNIFORME
Título uniforme Temas de actualidad (Cuzco, Peru) ;
Designación de volumen o secuencia 4.
9 (RLIN) 2121
Holdings
Estatus retirado Estado de pérdida Fuente del sistema de clasificación o colocación Estado de daño No para préstamo Biblioteca de origen Biblioteca actual Ubicación en estantería Fecha de adquisición Total de préstamos Signatura topográfica completa Código de barras Visto por última vez Precio de reemplazo Tipo de ítem Koha
    Clasificación Decimal Dewey     Biblioteca LadoV Biblioteca LadoV   18/02/2015   305.898.08 L372d 000302 18/02/2015 18/02/2015 Material 01